书目信息 |
| 题名: |
双馈风力发电机组主控制系统技术规范
|
|
| 作者: | ;国家能源局 发布 | |
| 分册: | ||
| 出版信息: | 北京 中国电力出版社 2011 |
|
| 页数: | 20页 | |
| 开本: | 30cm | |
| 丛书名: | ||
| 单 册: | ||
| 中图分类: | TM315-65 | |
| 科图分类: | ||
| 主题词: | 发电机 , 发电机--机组 | |
| 电子资源: | ||
| ISBN: | ||
| 000 | 00639nam0 2200205 450 | |
| 001 | 1742471520 | |
| 005 | 20171222114955.66 | |
| 010 | @dCNY13.00 | |
| 100 | @a20171222d2011 km y0chiy0120 ea | |
| 101 | 0 | @achi |
| 102 | @aCN | |
| 200 | 1 | @a双馈风力发电机组主控制系统技术规范@Ashuang kui feng li fa dian ji zu zhu kong zhi xi tong ji shu gui fan@f国家能源局发布@Fguo jia neng yuan ju fa bu |
| 210 | @a北京@c中国电力出版社@d2011 | |
| 215 | @a20页@d30cm | |
| 606 | 0 | @a发电机 |
| 606 | 0 | @a发电机@x机组 |
| 690 | @aTM315-65@v4 | |
| 711 | 02 | @a国家能源局@Aguo jia neng yuan ju@4发布 |
| 801 | 0 | @aCN@bMUSE@c20171222 |
| 905 | @aMUSE@dTM315-65@eG9301 | |
| 双馈风力发电机组主控制系统技术规范/国家能源局发布.-北京:中国电力出版社,2011 |
| 20页;30cm |
| ISBN :CNY13.00 |
| ● |
| 相关链接 |
|
|
|
正题名:双馈风力发电机组主控制系统技术规范
索取号:TM315-65/G9301
 
预约/预借
| 序号 | 登录号 | 条形码 | 馆藏地/架位号 | 状态 | 备注 |
| 1 | 1231455 | 212314556 | 能源与建筑环境工程学院资料室/ [索取号:TM315-65/G9301] | 在馆 | |
| 2 | 1231456 | 212314565 | 能源与建筑环境工程学院资料室/ [索取号:TM315-65/G9301] | 在馆 |